000 01679nam a2200433 i 4500
001 99800
003 FINmELB
005 20241217173010.0
006 m o u
007 cr cn|||||||||
008 200620s2019 sp a ob 000 0 spa d
020 _a9788436839104
_qe-book
035 _a(OCoLC)1160545249
040 _aFINmELB
_bspa
_erda
_cFINmELB
050 1 4 _aT58.6
_bS623 2019
080 _a658.4
082 0 4 _a658.4038011
_223
245 0 0 _aSistemas y tecnologías de la información en las organizaciones /
_cMariagrazia Fugini [y otros 3].
264 1 _aMadrid :
_bEdiciones Pirámide,
_c2019.
300 _a1 recurso en línea (253 páginas) :
_bilustraciones
336 _atexto
_btxt
_2rdacontent/spa
337 _acomputadora
_bc
_2rdamedia/spa
338 _arecurso en línea
_bcr
_2rdacarrier/spa
490 1 _aColección Economía y empresa
504 _aContiene bibliografía.
588 _aDescripción basada en metadatos suministrados por el editor y otras fuentes.
590 _aRecurso electrónico. Santa Fe, Arg.: elibro, 2019. Disponible vía World Wide Web. El acceso puede estar limitado para las bibliotecas afiliadas a elibro.
650 0 _aManagement information systems.
650 4 _aSistemas de información en la gestión.
655 4 _aLibros electrónicos.
700 1 _aFugini, Mariagrazia,
_eautor.
797 2 _aelibro, Corp.
830 0 _aColección Economía y empresa.
856 4 0 _uhttps://elibro.net/ereader/politecnicointernacional/123100
999 _c99800
_d99800